British Brands Quiz #2 - Statistics

General Stats
  • This quiz has been taken 55 times
  • The average score is 10 of 25
Answer Stats
Picture Answer % Correct
Dove
79%
MG Motors
76%
Virgin
76%
Rolls-Royce
74%
Aston Martin
61%
Vodafone
61%
BBC RADIO
50%
BBC Music
45%
MTV Music
42%
BBC Sport
39%
Wall's
39%
Burberry
37%
BBC Weather
34%
BBC Radio Two
32%
The Guardian
32%
Hackett
29%
Barbour
24%
BBC HD
24%
BBC Scotland
24%
Church's (Footwear Brand)
24%
Twinings
21%
BBC Essex
18%
BBC Prime
16%
Rat And Boa
16%
DMS
13%
No matching quizzes found
Score Distribution
Percent of People with Each Score
Percentile by Number Answered
Your Score History
You have not taken this quiz